1052 1832 1372 1717 1860 1556 1863 1871 1489 1878 1504 1767 1475 1687 1222 1371 1293 1693 1591 1691 1350 1124 1396 1442 1211 1510 1754 1822 1444 1631 1240 1942 1205 1198 1044 1248 1136 1606 1368 1417 1367 1293 1203 1348 1625 1313 1981 1398 1891 1984 1486 1329 1604 1154 1984 1550 1498 1470 1960 1348 1797 1449 1917 1965 1445 1742 1178 1553 1005 1754 1279 1339 1147 1478 1627 1691 1487 1202 1989 1210 1113 1363 1022 1074 1625 1016 1131 1681 1164 1386 1985 1215 1217 1875 1584 1639 1036 1991 1920 BCNSPRNW ULIB Ver.6.0+V

เปลี่ยนเป็นภาษาไทย

Change to English
 แสดงรายละเอียดบรรณานุกรม
  กลับหน้าหลัก

Brief Record : Get Marc (ISO 2709) : E-mail record : QR code < ปิดหน้าต่าง
LEADER : 00000nam 2200000uu 4500
001    13399110857
003     ULIB
008    110610s2549||||th 000 0 tha d
020    9746507117
060 04 WS280^bก461 2549
245 00 การบำบัดรักษาทางระบบหายใจในเด็ก : สำหรับแพทย์และพยาบาล :^bThe essentials of pediatric respiratory care /^cบรรณาธิการ, อรุณวรรณ พฤทธิพันธุ์ ... [และคนอื่นๆ]
246 30 The essentials of pediatric respiratory care
250    พิมพ์ครั้งที่ 1
260    กรุงเทพฯ :^bโครงการส่งเสริมและฟื้นฟูสมรรถภาพปอดเด็กคณะแพทยศาสตร์โรงพยาบาลรามาธิบดี,^c2549
300    ix, 494 หน้า :^bภาพประกอบ ;^c27 ซม.
500    โครงการส่งเสริมและฟื้นฟูสมรรถภาพปอดเด็กคณะแพทยศาสตร์โรงพยาบาลรามาธิบดี
504    บรรณานุกรมและดัชนี
650  2 Respiratory System^xin infancy & childhood^xtherapy
650  2 Respiratory Tract Diseases^xin infancy & childhood
650  7 การหายใจ, ระบบ^xในวัยทารกและวัยเด็ก
650  7 ทางเดินหายใจ, โรค
650  7 การรักษาทางระบบหายใจ^xในวัยทารก และวัยเด็ก
700 0  อรุณวรรณ พฤทธิพันธ,^eบรรณาธิการ
710 2  คณะแพทยศาสตร์โรงพยาบาลรามาธิบดี.^bโครงการส่งเสริมและฟื้นฟูสมรรถภาพปอดเด็ก
945    ^p500^l0^i020391
995    ทศพร
999 ^a ใช้งานได้ทุกระบบ
รายการนี้ยังไม่มีแท็ก
คุณยังไม่ได้ล็อกอิน คุณสามารถมีกิจกรรมร่วมกับเว็บไซต์ได้ แต่ต้องล็อกอินก่อน ::
  ล็อกอิน

รายการสื่อสารสนเทศ

ลำดับที่ ประเภท เลขเรียก/บาร์โค้ด สถานที่ สถานะ
- ไม่พบข้อมูล -

รายการใกล้เคียง
    หัวเรื่อง [ทางเดินหายใจ, โรค]

BibComment


ยังไม่เคยถูกคอมเมนท์

คอมเมนท์ทรัพยากรรายการนี้
  คอมเมนท์: การบำบัดรักษาทางร..


 Copyright 2026. Bcnsprnw @Library